00293nam a2200121Ia 45000030006000000080041000060400015000471000044000622450027001062600009001335460012001420050017001540STCL150530s9999 xx 000 0 und d aSTCLcSTCL aMarkert Clement, L.; Ursprung Heinerich aDevelopmental genetics c1974 aEnglish20220125170446.0